000
00305nam a22001337a 4500
008
170529b xxu||||| |||| 00| 0 eng d
020
_a
9780198504696
041
_a
eng
080
_a
623.92
100
_a
27
101
_a
IM
245
_a
THE FURTHER INVENTIONS OF DEADALUS
_c
JONES,D.E
942
_2
udc
_c
BK
999
_c
14834
_d
14834